|
|
|
|
| LEADER |
00734nam a2200217Ia 4500 |
| 001 |
CTU_126316 |
| 008 |
210402s9999 xx 000 0 und d |
| 082 |
|
|
|a 613.69
|
| 082 |
|
|
|b O.36
|
| 100 |
|
|
|a Ohtsuka, Ryutaro
|
| 245 |
|
0 |
|a Population ecology of human survival :
|
| 245 |
|
0 |
|b bioecological studies of the Gidra in Papua New Guinea
|
| 245 |
|
0 |
|c edited by Ryutaro Ohtsuka, Tsuguyoshi Suzuki
|
| 260 |
|
|
|a Tokyo
|
| 260 |
|
|
|b University of Tokyo Press
|
| 260 |
|
|
|c 1990
|
| 650 |
|
|
|a Gidra (Papua New Guinean people),Human ecology,Population biology,Ethnology
|
| 650 |
|
|
|y Papua New Guinea
|
| 650 |
|
|
|z Papua New Guinea,Papua New Guinea
|
| 904 |
|
|
|i Nguyên
|
| 980 |
|
|
|a Trung tâm Học liệu Trường Đại học Cần Thơ
|